| 000 | 00858nam a2200253 a 4500 | ||
|---|---|---|---|
| 001 | adlib96000001 | ||
| 003 | ViArRB | ||
| 005 | 200902210153555.7 | ||
| 008 | 960221s1955 dcuabcdjdbkoqu001 0deng d | ||
| 020 | _a9780387317410 | ||
| 022 | _a | ||
| 040 | _aAdlib | ||
| 082 | _a519.213.3 | ||
| 245 | _aDependence in probability and statistics | ||
| 250 | _a | ||
| 260 |
_aNew York _bSpringer Science _c2006 |
||
| 300 |
_aviii, 492p. _c |
||
| 500 | _a | ||
| 100 |
_aBertail, Patrice _eed. by |
||
| 700 |
_aDoukhan, Paul _aSoulier, Philippe |
||
| 942 | _cBK | ||
| 653 |
_aDependence (Statistics) _aRandom variables _astatistical inference _aCertainty _aProbabilities _aAverage _agame theory _aSampling- statistics _aAlgebra _aStatistics _aLogic |
||
| 952 |
_w2010-06-16 _p00058345 _r2010-06-16 _40 _00 _bUL _10 _o519.213.3 BER _d2010-06-16 _70 _yBK _aUL |
||
| 999 |
_c51687 _d51686 |
||